Welcome to the Holygrace Academy Library

Please use search bar below to get started

THE WORLD OF CHILDREN'S KNOWLEDGE (Record no. 2670)

MARC details
000 -LEADER
fixed length control field 00280nam a22001217a 4500
082 ## - DEWEY DECIMAL CLASSIFICATION NUMBER
Classification number 001
Item number DHI/W
245 ## - TITLE STATEMENT
Title THE WORLD OF CHILDREN'S KNOWLEDGE
250 ## - EDITION STATEMENT
Edition statement FIRST
260 ## - PUBLICATION, DISTRIBUTION, ETC. (IMPRINT)
Place of publication DELHI
Name of publisher DHINGRA PUBLISHING HOUSE
300 ## - PHYSICAL DESCRIPTION
Number of Pages 95
650 ## - SUBJECT ADDED ENTRY--TOPICAL TERM
Topical Term GENERAL KNOWLEDGE
Geographic subdivision INDIA
942 ## - ADDED ENTRY ELEMENTS (KOHA)
Koha item type Books
Holdings
Withdrawn status Lost status Collection code Home library Current library Shelving location Date acquired Source of acquisition Full call number Accession Number Koha item type
    Reference Main Library Main Library   03/06/2017 PURCHASE 001 DHI/W 04565 Books